Countries of the World - Statistics

General Stats
  • This quiz has been taken 10 times
    7 since last reset
  • The average score is 145 of 196
Answer Stats
Answer % Correct
Angola
100%
Argentina
100%
Armenia
100%
Grenada
100%
Haiti
100%
Mexico
100%
United States of America
100%
Albania
83%
Andorra
83%
Antigua and Barbuda
83%
Australia
83%
Austria
83%
Azerbaijan
83%
Bahamas
83%
Bahrain
83%
Barbados
83%
Belize
83%
Bhutan
83%
Bolivia
83%
Botswana
83%
Burkina Faso
83%
Cameroon
83%
Canada
83%
Cape Verde
83%
Central African Republic
83%
Chad
83%
Chile
83%
Comoros
83%
Cuba
83%
Democratic Republic of the Congo
83%
Denmark
83%
Djibouti
83%
Dominica
83%
Dominican Republic
83%
Egypt
83%
Equatorial Guinea
83%
Eritrea
83%
Estonia
83%
Eswatini
83%
Finland
83%
France
83%
Gambia
83%
Ghana
83%
Guatemala
83%
Guinea
83%
Guinea-Bissau
83%
Guyana
83%
Honduras
83%
Hungary
83%
Iceland
83%
India
83%
Indonesia
83%
Iran
83%
Iraq
83%
Ireland
83%
Israel
83%
Italy
83%
Jamaica
83%
Japan
83%
Jordan
83%
Kenya
83%
Kuwait
83%
Latvia
83%
Liechtenstein
83%
Lithuania
83%
Luxembourg
83%
Madagascar
83%
Maldives
83%
Marshall Islands
83%
Mauritania
83%
Mauritius
83%
Monaco
83%
Morocco
83%
Mozambique
83%
Nepal
83%
New Zealand
83%
North Korea
83%
Norway
83%
Oman
83%
Pakistan
83%
Panama
83%
Paraguay
83%
Portugal
83%
Qatar
83%
Republic of the Congo
83%
Romania
83%
Rwanda
83%
Saint Kitts and Nevis
83%
Saint Lucia
83%
Saint Vincent and the Grenadines
83%
San Marino
83%
Sierra Leone
83%
Slovakia
83%
Slovenia
83%
South Africa
83%
South Korea
83%
South Sudan
83%
Sri Lanka
83%
Sudan
83%
Suriname
83%
Sweden
83%
Switzerland
83%
Syria
83%
Thailand
83%
Tonga
83%
Turkey
83%
Uganda
83%
United Arab Emirates
83%
Vatican City
83%
Yemen
83%
Zambia
83%
Zimbabwe
83%
Afghanistan
67%
Algeria
67%
Belarus
67%
Benin
67%
Brazil
67%
Bulgaria
67%
Cambodia
67%
China
67%
Colombia
67%
Costa Rica
67%
Cote d'Ivoire
67%
Croatia
67%
Cyprus
67%
Czech Republic
67%
El Salvador
67%
Ethiopia
67%
Gabon
67%
Germany
67%
Kyrgyzstan
67%
Laos
67%
Lesotho
67%
Libya
67%
Malawi
67%
Malaysia
67%
Mali
67%
Malta
67%
Micronesia
67%
Moldova
67%
Namibia
67%
Nicaragua
67%
Niger
67%
Nigeria
67%
Palau
67%
Peru
67%
Philippines
67%
Poland
67%
Russia
67%
Samoa
67%
Sao Tome and Principe
67%
Saudi Arabia
67%
Senegal
67%
Seychelles
67%
Singapore
67%
Solomon Islands
67%
Somalia
67%
Spain
67%
Taiwan
67%
Tajikistan
67%
Tanzania
67%
Timor Leste
67%
Togo
67%
Trinidad and Tobago
67%
Tunisia
67%
Turkmenistan
67%
United Kingdom
67%
Uruguay
67%
Uzbekistan
67%
Venezuela
67%
Belgium
50%
Bosnia and Herzegovina
50%
Brunei
50%
Burundi
50%
Ecuador
50%
Fiji
50%
Greece
50%
Kazakhstan
50%
Kosovo
50%
Lebanon
50%
Liberia
50%
Mongolia
50%
Montenegro
50%
Myanmar
50%
Nauru
50%
Netherlands
50%
North Macedonia
50%
Serbia
50%
Tuvalu
50%
Ukraine
50%
Vietnam
50%
Georgia
33%
Kiribati
33%
Vanuatu
33%
Bangledesh
0%
Papau New Guinea
0%
No matching quizzes found
Score Distribution
Percent of People with Each Score
Percentile by Number Answered
Your Score History
You have not taken this quiz since the last reset